Statistics for Find the Spelling #10

Click here to take the quiz!

General Stats

  • This quiz has been taken 46 times
  • The average score is 4 of 5

Answer Stats

QuestionAnswer% Correct
Which is correct?Persuadable
100%
Which is correct?Intelligence
95%
Which is correct?Bolognese
88%
Which is correct?Sergeant
83%
Which is correct?Sacrilegious
50%

Score Distribution

Percentile by Number Answered

Percent of People with Each Score

Your Score History

You have not taken this quiz